| 000 | 00964nam a2200265Ia 4500 | ||
|---|---|---|---|
| 003 | OSt | ||
| 005 | 20220927105331.0 | ||
| 006 | a|||||r|||| 00| 0 | ||
| 007 | ta | ||
| 008 | 220926b |||||||| |||| 00| 0 eng d | ||
| 024 | _a190391 | ||
| 037 | _cReference Collections | ||
| 040 |
_aRTL _cRTL _beng |
||
| 041 |
_2eng _aeng |
||
| 082 | _a"X:54.791.P, Q0/UN" | ||
| 100 |
_aCOSTOYA Manuel Mejido _9371767 |
||
| 110 | _aUNITED NATIONS RESEARCH INSTITUTE FOR SOCIAL DEVELOPMENT | ||
| 245 | 0 |
_aChanging coordinates of trade and power in Latin America _b Implications for policy space and policy coherence |
|
| 260 |
_aGeneva _bUNRISD _c2010 |
||
| 300 |
_a"xi, 63p" _ccm. |
||
| 490 | _a"Markets, Business and Regulation Programme- Paper No. 7" | ||
| 700 | _aUNITED NATIONS RESEARCH INSTITUTE FOR SOCIAL DEVELOPMENT | ||
| 942 |
_h"X:54.791.P, Q0/UN" _cCC |
||
| 999 |
_c691929 _d691929 |
||